Tuyển tập công trình Hội nghị cơ học toàn quốc lần thứ 4 Hà Nội 1998

Gespeichert in:
Bibliographische Detailangaben
1. Verfasser: Hội Cơ học Việt Nam
Format: Buch
Sprache:Undetermined
Veröffentlicht: Hà Nội 1991
Schlagworte:
Tags: Tag hinzufügen
Keine Tags, Fügen Sie den ersten Tag hinzu!
Thư viện lưu trữ: Trung tâm Học liệu Trường Đại học Cần Thơ
LEADER 00546nam a2200169Ia 4500
001 CTU_2531
008 210402s9999 xx 000 0 und d
082 |a 531.072 
082 |b H452/T2 
100 |a Hội Cơ học Việt Nam 
245 0 |a Tuyển tập công trình Hội nghị cơ học toàn quốc lần thứ 4 
245 0 |b Hà Nội 1998 
245 0 |c Hội Cơ học Việt Nam 
260 |a Hà Nội 
260 |c 1991 
650 |a mechanics 
980 |a Trung tâm Học liệu Trường Đại học Cần Thơ